Εμπορικό Δίκαιο (Record no. 2021)
[ view plain ]
| 000 -LEADER | |
|---|---|
| fixed length control field | 01135cam a22001934a 4500 |
| 005 - ΗΜΕΡΟΜΗΝΙΑ ΚΑΙ ΩΡΑ ΤΕΛΕΥΤΑΙΑΣ ΕΝΗΜΕΡΩΣΗΣ | |
| Πεδίο ελέγχου | 20250605164028.0 |
| 008 - FIXED-LENGTH DATA ELEMENTS--GENERAL INFORMATION | |
| Πεδίο ελέγχου σταθερού μήκους | 250528s ||||||||||||||||||||||||d |
| 035 ## - SYSTEM CONTROL NUMBER | |
| System control number | 16527 |
| 020 ## - ISBN | |
| ISBN | 9602861428 |
| 040 ## - ΠΗΓΗ ΚΑΤΑΛΟΓΟΓΡΑΦΗΣΗΣ | |
| Φορέας πρωτότυπης καταλογογράφησης | MC Athens Campus Library |
| Γλώσσα καταλογογράφησης | Ελληνικά, Μοντέρνα (1453-) |
| Modifying agency | MC Athens Campus Library |
| Κανόνες περιγραφικής καταλογογράφησης | AACR2 |
| 245 1# - ΤΙΤΛΟΣ ΚΑΙ ΔΗΛΩΣΗ ΥΠΕΥΘΥΝΟΤΗΤΑΣ | |
| Τίτλος | Εμπορικό Δίκαιο |
| 260 ## - PUBLICATION, DISTRIBUTION, ETC. | |
| Name of publisher, distributor, etc. | Έλλην, |
| Date of publication, distribution, etc. | 1994 |
| 300 ## - PHYSICAL DESCRIPTION | |
| Extent | 240 |
| 520 ## - SUMMARY, ETC. | |
| Summary, etc. | Εισαγωγή, Εμπορικές Πράξεις, Οι Έμποροι, Τα Εμπορικά Βιβλία, Εμπορική και Βιομηχανική Ιδιοκτησία, Δικαιόγραφα και Πιστωτικοί Τίτλοι, Συναλλαγματική, Γραμμάτιο σε Διαταγή, Τραπεζική Επιταγή, Γενικά Περί των Εμπορικών Εταιρειών, Ομόρρυθμη Εταιρία, Εττερόρρυθμη Εταιρία, Αφανής Εταιρία, Συνεταιρισμός, Ανώνυμη Εταιρία, Εταιρία Περιορισμένης Ευθύνης, Πτώχευση. |
| 700 1# - ΠΡΟΣΘΕΤΗ ΑΝΑΓΡΑΦΗ--ΦΥΣΙΚΟ ΠΡΟΣΩΠΟ | |
| Personal name | Παπασπύρος Βησσαρίων |
| 9 (RLIN) | 2626 |
| 942 ## - ADDED ENTRY ELEMENTS (KOHA) | |
| Koha item type | Books |
| Τύπος τεκμηρίου | Βιβλιοθήκη | Τρέχουσα τοποθεσία | Barcode | Αριθμός εισαγωγής | Ημερομηνία απόκτησης | Ταξιθετικό σύμβολο | Αριθμός αντιτύπου | Κατάσταση απόσυρσης | Κατάσταση χαμένου | Κατάσταση κατεστραμμένου | Μη δανεισμός | Σύνολο δανεισμών | Ημερομηνία τελευταίας εμφάνισης | Η τιμή ισχύει από |
|---|---|---|---|---|---|---|---|---|---|---|---|---|---|---|
| Books | MC Athens Campus Library | MC Athens Campus Library | 9780000020208 | 4231 | 05/06/2025 | 346.49507 PAP | 1 | 05/06/2025 | 05/06/2025 |